000 00240nam a2200097Ia 4500
001 682386
005 20250826161418.0
008 250824s9999 xx 000 0 und d
245 0 _aYASEMİNLER TÜTER Mİ,HALA?
_cALEV ALATLI
260 _bEVEREST
999 _c682386
_d682386